[Event "11th LCC FIDE Open 2019"]
[Site "London"]
[Date "2019.12.02"]
[Round "5.30"]
[White "Grigoryan, Meri"]
[Black "Clarke, Brandon Gi"]
[Result "0-1"]
[WhiteElo "2050"]
[BlackElo "2431"]
[Annotator "ChessBase"]
[PlyCount "58"]
[EventDate "2019.11.29"]
[EventType "swiss"]
[EventCountry "ENG"]
[SourceTitle "playchess.com"]
[Source "ChessBase"]
[SourceQuality "1"]
[TimeControl "40/5400+30:1800+30"]

1. e4 {[%emt 0:11:05]} c5 {[%emt 0:00:07]} 2. Nc3 {[%emt 0:00:12]} Nc6 {[%emt 0:00:46]} 3. f4 {[%emt 0:00:19]} g6 {[%emt 0:00:18]} 4. Nf3 {[%emt 0:00:20]} Bg7 {[%emt 0:00:06]} 5. g3 {[%emt 0:03:24]} d6 {[%emt 0:02:58]} 6. Bg2 {[%emt 0:01:45]} e6 {[%emt 0:00:04]} 7. O-O {[%emt 0:00:49]} Nge7 {[%emt 0:00:02]} 8. d3 {[%emt 0:01:55]} O-O {[%emt 0:00:04]} 9. Kh1 {[%emt 0:03:07]} b6 {[%emt 0:00:57]} 10. g4 {[%emt 0:10:35]} f5 {[%emt 0:06:15]} 11. exf5 {[%emt 0:07:00]} exf5 {[%emt 0:03:48]} 12. g5 {[%emt 0:01:45]} d5 {[%emt 0:03:03]} 13. Ne2 {[%emt 0:14:49]} d4 {[%emt 0:06:06]} 14. Re1 {[%emt 0:14:17]} Nd5 {[%emt 0:01:00]} 15. Neg1 {[%emt 0:01:59]} Qd6 {[%emt 0:02:39]} 16. Nh3 {[%emt 0:07:21]} Bb7 {[%emt 0:00:05]} 17. Bd2 {[%emt 0:02:42]} Rfe8 {[%emt 0:01:52]} 18. c3 {[%emt 0:02:39]} dxc3 {[%emt 0:02:12]} 19. bxc3 {[%emt 0:00:57]} Bxc3 {[%emt 0:01:04]} 20. Bxc3 {[%emt 0:01:07]} Nxc3 {[%emt 0:00:03]} 21. Qb3+ {[%emt 0:01:55]} Nd5 {[%emt 0:00:05]} 22. Rxe8+ {[%emt 0:01:36]} Rxe8 {[%emt 0:00:03]} 23. Re1 {[%emt 0:01:16]} Rxe1+ {[%emt 0:00:04]} 24. Nxe1 {[%emt 0:00:05]} Nd4 {[%emt 0:00:47]} 25. Qc4 {[%emt 0:03:58]} Kg7 {[%emt 0:00:05]} 26. Qc1 {[%emt 0:00:38]} Qe7 {[%emt 0:00:41]} 27. Nf3 {[%emt 0:00:57]} Ne3 {[%emt 0:00:19]} 28. Qc3 {[%emt 0:03:10]} Nxg2 {[%emt 0:00:23]} 29. Nxd4 {[%emt 0:00:11]} Qe1+ {[%emt 0:00:07]} 0-1

[Event "11th LCC FIDE Open 2019"]
[Site "London"]
[Date "2019.12.02"]
[Round "5.30"]
[White "Royal, Shreyas"]
[Black "Smith, Andrew P"]
[Result "*"]
[WhiteElo "1941"]
[BlackElo "2172"]
[Annotator "ChessBase"]
[PlyCount "27"]
[EventDate "2019.11.29"]
[EventType "swiss"]
[EventCountry "ENG"]
[SourceTitle "playchess.com"]
[Source "ChessBase"]
[SourceQuality "1"]
[TimeControl "40/5400+30:1800+30"]

1. d4 {[%emt 0:00:00]} Nf6 {[%emt 0:02:50]} 2. c4 {[%emt 0:00:36]} c5 {[%emt 0:00:22]} 3. d5 {[%emt 0:01:46]} e6 {[%emt 0:00:31]} 4. Nc3 {[%emt 0:01:42]} exd5 {[%emt 0:00:33]} 5. cxd5 {[%emt 0:00:12]} d6 {[%emt 0:00:05]} 6. Nf3 {[%emt 0:02:40]} g6 {[%emt 0:00:09]} 7. Bf4 {[%emt 0:00:55]} a6 {[%emt 0:00:51]} 8. a4 {[%emt 0:00:05]} Bg7 {[%emt 0:00:59]} 9. h3 {[%emt 0:03:15]} O-O {[%emt 0:00:42]} 10. e3 {[%emt 0:01:24]} Qe7 {[%emt 0:17:31]} 11. Be2 {[%emt 0:06:12]} Nbd7 {[%emt 0:03:51]} 12. O-O {[%emt 0:01:58]} Nh5 {[%emt 0:06:41]} 13. Bh2 {[%emt 0:05:37]} f5 {[%emt 0:00:26]} 14. Re1 {[%emt 0:08:23]} *

[Event "11th LCC FIDE Open 2019"]
[Site "London"]
[Date "2019.12.02"]
[Round "5.31"]
[White "Grigoryan, Meri"]
[Black "Clarke, Brandon Gi"]
[Result "*"]
[WhiteElo "2050"]
[BlackElo "2431"]
[Annotator "ChessBase"]
[PlyCount "24"]
[EventDate "2019.11.29"]
[EventType "swiss"]
[EventCountry "ENG"]
[SourceTitle "playchess.com"]
[Source "ChessBase"]
[SourceQuality "1"]
[TimeControl "40/5400+30:1800+30"]

1. e4 {[%emt 0:11:05]} c5 {[%emt 0:00:07]} 2. Nc3 {[%emt 0:00:12]} Nc6 {[%emt 0:00:46]} 3. f4 {[%emt 0:00:19]} g6 {[%emt 0:00:18]} 4. Nf3 {[%emt 0:00:20]} Bg7 {[%emt 0:00:06]} 5. g3 {[%emt 0:03:24]} d6 {[%emt 0:02:58]} 6. Bg2 {[%emt 0:01:45]} e6 {[%emt 0:00:03]} 7. O-O {[%emt 0:00:49]} Nge7 {[%emt 0:00:02]} 8. d3 {[%emt 0:01:55]} O-O {[%emt 0:00:03]} 9. Kh1 {[%emt 0:03:07]} b6 {[%emt 0:00:57]} 10. g4 {[%emt 0:10:35]} f5 {[%emt 0:06:15]} 11. exf5 {[%emt 0:07:00]} exf5 {[%emt 0:03:48]} 12. g5 {[%emt 0:01:45]} d5 {[%emt 0:03:03]} *

[Event "11th LCC FIDE Open 2019"]
[Site "London"]
[Date "2019.12.02"]
[Round "5.31"]
[White "Walker, Samuel A"]
[Black "Ahn, Sungmin"]
[Result "1/2-1/2"]
[WhiteElo "2039"]
[BlackElo "1780"]
[Annotator "NA RC"]
[PlyCount "97"]
[EventDate "2019.11.29"]
[EventType "swiss"]
[EventCountry "ENG"]
[SourceTitle "playchess.com"]
[Source "ChessBase"]
[SourceQuality "1"]
[TimeControl "40/5400+30:1800+30"]

1. Nf3 {[%emt 0:00:00]} g6 {[%emt 0:00:00]} 2. g3 {[%emt 0:00:01]} Bg7 {[%emt 0:00:00]} 3. Bg2 {[%emt 0:00:05]} e5 {[%emt 0:00:31]} 4. d3 {[%emt 0:00:20]} d5 {[%emt 0:00:59]} 5. O-O {[%emt 0:00:24]} Ne7 {[%emt 0:00:39]} 6. c4 {[%emt 0:01:31]} c6 {[%emt 0:01:01]} 7. e3 {[%emt 0:06:14] A07: Réti Opening: New York and Capablanca Systems} (7. Nc3 O-O 8. Qc2 d4 9. Ne4 f5 10. Ned2 c5 11. b4 Nbc6 12. bxc5 e4 13. Ng5 h6 14. Ngxe4 fxe4 15. Nxe4 {0-1 (27) Petrosian,T (2598)-Cheparinov,I (2709) St Petersburg 2018}) 7... O-O {[%emt 0:01:22]} 8. Nc3 {[%emt 0:01:05]} h6 $146 {[%emt 0:04:35]} ({Predecessor:} 8... dxc4 9. dxc4 Qxd1 10. Rxd1 Be6 11. Nd2 Rd8 12. b3 Bg4 13. f3 e4 14. Bb2 exf3 15. Nxf3 {1-0 (48) Bilgin,M (1888)-Ciblakbas,S (1698) Konya 2018}) 9. Qc2 {[%emt 0:03:30]} Be6 {[%emt 0:01:44]} 10. b3 {[%emt 0:01:06]} Na6 {[%emt 0:12:52]} 11. a3 {[%emt 0:03:39]} Qd7 {[%emt 0:02:38]} 12. Re1 {[%emt 0:00:22]} Bh3 {[%emt 0:03:13]} 13. Bh1 {[%emt 0:00:12]} Nc7 {[%emt 0:12:09]} 14. Bb2 {[%emt 0:03:13]} Ne6 {[%emt 0:06:44]} 15. Rac1 {[%emt 0:01:58]} Rac8 {[%emt 0:00:05]} 16. Qb1 {[%emt 0:00:39]} g5 {[%emt 0:00:55]} 17. Ne2 {[%emt 0:03:35]} Ng6 {[%emt 0:00:56]} 18. b4 {[%emt 0:07:43]} g4 {[%emt 0:06:06]} 19. cxd5 {[%emt 0:00:28]} cxd5 {[%emt 0:01:01]} ({Don't play} 19... gxf3 $6 20. dxe6 fxe6 21. Nc3 $11) 20. Nd2 {[%emt 0:00:09]} Ng5 {[%emt 0:00:27]} 21. Qa2 {[%emt 0:02:59]} Ne7 {[%emt 0:02:43]} 22. Rxc8 {[%emt 0:12:02]} Rxc8 {[%emt 0:00:02]} 23. Rc1 {[%emt 0:00:13]} Rc6 {[%emt 0:02:35]} 24. Rxc6 {[%emt 0:02:00]} bxc6 {[%emt 0:00:05]} 25. Qb3 {[%emt 0:01:51]} Qf5 {[%emt 0:10:33]} 26. e4 {[%emt 0:03:30]} Qd7 {[%emt 0:05:05]} 27. Nc3 {[%emt 0:07:58]} d4 {[%emt 0:00:15]} 28. Na4 {[%emt 0:00:11]} Ne6 {[%emt 0:00:48]} 29. Qc4 {[%emt 0:03:23]} Qb7 {[%emt 0:02:57]} 30. Nc5 {[%emt 0:05:33]} Nxc5 {[%emt 0:02:04]} 31. Qxc5 {[%emt 0:00:04]} Qb5 {[%emt 0:04:41]} 32. Qc2 {[%emt 0:06:35]} (32. Qxe7 $2 Qxd3 33. Bc1 Qc2 $19) 32... a5 {[%emt 0:01:30]} 33. Qc4 {[%emt 0:01:58]} ({Better is} 33. bxa5 $14 Qxa5 34. Bg2) 33... axb4 {[%emt 0:00:34]} 34. axb4 {[%emt 0:00:21]} Bf8 {[%emt 0:00:27]} 35. Bg2 {[%emt 0:00:54]} Bxg2 {[%emt 0:00:17]} 36. Kxg2 {[%emt 0:00:03]} Nc8 {[%emt 0:00:19]} 37. Qc2 {[%emt 0:04:17]} Qxb4 {[%emt 0:00:35]} 38. Nc4 {[%emt 0:00:40]} Qb5 {[%emt 0:00:39]} 39. Qe2 {[%emt 0:00:16]} h5 {[%emt 0:00:37]} 40. h3 {[%emt 0:00:37]} gxh3+ {[%emt 0:01:11]} 41. Kxh3 {[%emt 0:30:08]} Nb6 {[%emt 0:31:02]} 42. Nxb6 {[%emt 0:08:34]} Qxb6 {[%emt 0:00:01]} 43. Bc1 {[%emt 0:00:23]} Qb1 {[%emt 0:01:58]} 44. Qd2 {[%emt 0:00:46]} Bg7 {[%emt 0:04:01]} 45. g4 {[%emt 0:02:02]} hxg4+ {[%emt 0:00:12]} 46. Kxg4 {[%emt 0:00:04]} Qb3 {[%emt 0:00:14]} 47. Kf3 {[%emt 0:00:58]} c5 {[%emt 0:00:09]} 48. Kg2 {[%emt 0:02:35]} c4 $11 {[%emt 0:00:25]} 49. Qg5 {[%emt 0:01:52]} 1/2-1/2

[Event "11th LCC FIDE Open 2019"]
[Site "London"]
[Date "2019.12.02"]
[Round "5.32"]
[White "Zujev, Oleg"]
[Black "Nilssen, Ellen Fredericia"]
[Result "1/2-1/2"]
[WhiteElo "2316"]
[BlackElo "2004"]
[Annotator "ChessBase"]
[PlyCount "71"]
[EventDate "2019.11.29"]
[EventType "swiss"]
[EventCountry "ENG"]
[SourceTitle "playchess.com"]
[Source "ChessBase"]
[SourceQuality "1"]
[TimeControl "40/5400+30:1800+30"]

1. d4 {[%emt 0:00:00]} d5 {[%emt 0:00:00]} 2. c4 {[%emt 0:00:00]} e6 {[%emt 0:00:00]} 3. Nc3 {[%emt 0:00:00]} Nf6 {[%emt 0:00:00]} 4. cxd5 {[%emt 0:00:10]} exd5 {[%emt 0:00:00]} 5. Bg5 {[%emt 0:00:03]} Be7 {[%emt 0:00:02]} 6. e3 {[%emt 0:00:14]} c6 {[%emt 0:00:05]} 7. Bd3 {[%emt 0:00:08]} Nbd7 {[%emt 0:00:05]} 8. Qc2 {[%emt 0:00:30]} Nh5 {[%emt 0:00:17]} 9. Bxe7 {[%emt 0:00:44]} Qxe7 {[%emt 0:00:07]} 10. Nge2 {[%emt 0:00:10]} g6 {[%emt 0:00:24]} 11. O-O {[%emt 0:03:38]} O-O {[%emt 0:00:06]} 12. Na4 {[%emt 0:08:02]} Ndf6 {[%emt 0:13:38]} 13. Qc5 {[%emt 0:10:55]} Re8 {[%emt 0:06:55]} 14. b4 {[%emt 0:02:28]} Ne4 {[%emt 0:14:32]} 15. Qxe7 {[%emt 0:01:00]} Rxe7 {[%emt 0:00:09]} 16. Rfc1 {[%emt 0:02:58]} Nd6 {[%emt 0:08:10]} 17. Nec3 {[%emt 0:19:54]} Nf6 {[%emt 0:04:07]} 18. b5 {[%emt 0:14:44]} cxb5 {[%emt 0:04:52]} 19. Nxb5 {[%emt 0:00:16]} Nxb5 {[%emt 0:00:25]} 20. Bxb5 {[%emt 0:00:06]} Bf5 {[%emt 0:01:43]} 21. Rc5 {[%emt 0:04:47]} Rd8 {[%emt 0:04:38]} 22. Rac1 {[%emt 0:03:22]} Ne4 {[%emt 0:02:30]} 23. Rc7 {[%emt 0:00:37]} Rxc7 {[%emt 0:00:07]} 24. Rxc7 {[%emt 0:00:04]} Rc8 {[%emt 0:00:06]} 25. Rxc8+ {[%emt 0:00:14]} Bxc8 {[%emt 0:00:02]} 26. f3 {[%emt 0:01:12]} Nd6 {[%emt 0:04:40]} 27. Bd3 {[%emt 0:06:19]} Bf5 {[%emt 0:07:21]} 28. Be2 {[%emt 0:00:39]} Bd7 {[%emt 0:02:50]} 29. Nc5 {[%emt 0:06:48]} Bc6 {[%emt 0:00:06]} 30. Kf2 {[%emt 0:00:35]} Kf8 {[%emt 0:05:15]} 31. Bd3 {[%emt 0:01:07]} a5 {[%emt 0:04:08]} 32. Ke2 {[%emt 0:03:34]} Ke7 {[%emt 0:02:09]} 33. Nb3 {[%emt 0:05:47]} b6 {[%emt 0:00:45]} 34. Nd2 {[%emt 0:00:14]} Nb5 {[%emt 0:01:23]} 35. Nb1 {[%emt 0:00:24]} Ke6 {[%emt 0:04:19]} 36. Kd2 {[%emt 0:01:25] Ke5} 1/2-1/2

[Event "11th LCC FIDE Open 2019"]
[Site "London"]
[Date "2019.12.02"]
[Round "5.33"]
[White "Zujev, Oleg"]
[Black "Nilssen, Ellen Fredericia"]
[Result "*"]
[WhiteElo "2316"]
[BlackElo "2004"]
[Annotator "ChessBase"]
[PlyCount "31"]
[EventDate "2019.11.29"]
[EventType "swiss"]
[EventCountry "ENG"]
[SourceTitle "playchess.com"]
[Source "ChessBase"]
[SourceQuality "1"]
[TimeControl "40/5400+30:1800+30"]

1. d4 {[%emt 0:00:00]} d5 {[%emt 0:00:00]} 2. c4 {[%emt 0:00:00]} e6 {[%emt 0:00:00]} 3. Nc3 {[%emt 0:00:00]} Nf6 {[%emt 0:00:00]} 4. cxd5 {[%emt 0:00:10]} exd5 {[%emt 0:00:00]} 5. Bg5 {[%emt 0:00:03]} Be7 {[%emt 0:00:02]} 6. e3 {[%emt 0:00:14]} c6 {[%emt 0:00:05]} 7. Bd3 {[%emt 0:00:08]} Nbd7 {[%emt 0:00:05]} 8. Qc2 {[%emt 0:00:30]} Nh5 {[%emt 0:00:17]} 9. Bxe7 {[%emt 0:00:44]} Qxe7 {[%emt 0:00:07]} 10. Nge2 {[%emt 0:00:10]} g6 {[%emt 0:00:24]} 11. O-O {[%emt 0:03:38]} O-O {[%emt 0:00:06]} 12. Na4 {[%emt 0:08:02]} Ndf6 {[%emt 0:13:38]} 13. Qc5 {[%emt 0:10:55]} Re8 {[%emt 0:06:55]} 14. b4 {[%emt 0:02:28]} Ne4 {[%emt 0:14:32]} 15. Qxe7 {[%emt 0:01:00]} Rxe7 {[%emt 0:00:09]} 16. Rfc1 {[%emt 0:02:58]} *

[Event "11th LCC FIDE Open 2019"]
[Site "London"]
[Date "2019.12.02"]
[Round "5.33"]
[White "Cumming, Rhys"]
[Black "Karumazondo, Ragarirai Ernest"]
[Result "1-0"]
[WhiteElo "2284"]
[BlackElo "1972"]
[Annotator "ChessBase"]
[PlyCount "45"]
[EventDate "2019.11.29"]
[EventType "swiss"]
[EventCountry "ENG"]
[SourceTitle "playchess.com"]
[Source "ChessBase"]
[SourceQuality "1"]
[TimeControl "40/5400+30:1800+30"]

1. d4 {[%emt 0:00:00]} Nf6 {[%emt 0:03:02]} 2. c4 {[%emt 0:00:00]} e5 {[%emt 0:00:34]} 3. dxe5 {[%emt 0:01:05]} Ng4 {[%emt 0:00:11]} 4. Bf4 {[%emt 0:00:32]} g5 {[%emt 0:02:53]} 5. Bd2 {[%emt 0:01:13]} Nxe5 {[%emt 0:04:33]} 6. Nf3 {[%emt 0:01:28]} Bg7 {[%emt 0:06:08]} 7. Nxe5 {[%emt 0:00:18]} Bxe5 {[%emt 0:00:09]} 8. Nc3 {[%emt 0:00:06]} d6 {[%emt 0:00:44]} 9. g3 {[%emt 0:02:09]} Nc6 {[%emt 0:01:48]} 10. Bg2 {[%emt 0:00:31]} Be6 {[%emt 0:00:29]} 11. h4 {[%emt 0:11:26]} g4 {[%emt 0:06:10]} 12. Nd5 {[%emt 0:00:47]} h6 {[%emt 0:09:05]} 13. Qc1 {[%emt 0:15:17]} Bg7 {[%emt 0:09:06]} 14. Bc3 {[%emt 0:04:07]} Ne5 {[%emt 0:02:09]} 15. Nf4 {[%emt 0:05:09]} c6 {[%emt 0:05:01]} 16. Nh5 {[%emt 0:12:39]} Bf8 {[%emt 0:04:31]} 17. Qf4 {[%emt 0:07:18]} Qc7 {[%emt 0:11:34]} 18. Nf6+ {[%emt 0:02:10]} Kd8 {[%emt 0:02:01]} 19. Rd1 {[%emt 0:09:42]} Kc8 {[%emt 0:01:50]} 20. c5 {[%emt 0:04:39]} Ng6 {[%emt 0:05:55]} 21. Qe3 {[%emt 0:00:07]} Bg7 {[%emt 0:13:23]} 22. h5 {[%emt 0:02:40]} Nf8 {[%emt 0:02:24]} 23. Ne8 {[%emt 0:01:25]} 1-0

[Event "11th LCC FIDE Open 2019"]
[Site "London"]
[Date "2019.12.02"]
[Round "5.34"]
[White "Cumming, Rhys"]
[Black "Karumazondo, Ragarirai Ernest"]
[Result "*"]
[WhiteElo "2284"]
[BlackElo "1972"]
[Annotator "ChessBase"]
[PlyCount "24"]
[EventDate "2019.11.29"]
[EventType "swiss"]
[EventCountry "ENG"]
[SourceTitle "playchess.com"]
[Source "ChessBase"]
[SourceQuality "1"]
[TimeControl "40/5400+30:1800+30"]

1. d4 {[%emt 0:00:00]} Nf6 {[%emt 0:03:33]} 2. c4 {[%emt 0:00:00]} e5 {[%emt 0:00:34]} 3. dxe5 {[%emt 0:01:05]} Ng4 {[%emt 0:00:11]} 4. Bf4 {[%emt 0:00:32]} g5 {[%emt 0:02:53]} 5. Bd2 {[%emt 0:01:13]} Nxe5 {[%emt 0:04:33]} 6. Nf3 {[%emt 0:01:28]} Bg7 {[%emt 0:06:08]} 7. Nxe5 {[%emt 0:00:18]} Bxe5 {[%emt 0:00:09]} 8. Nc3 {[%emt 0:00:06]} d6 {[%emt 0:00:43]} 9. g3 {[%emt 0:02:10]} Nc6 {[%emt 0:01:48]} 10. Bg2 {[%emt 0:00:31]} Be6 {[%emt 0:00:29]} 11. h4 {[%emt 0:11:26]} g4 {[%emt 0:06:10]} 12. Nd5 {[%emt 0:00:47]} h6 {[%emt 0:09:05]} *

[Event "11th LCC FIDE Open 2019"]
[Site "London"]
[Date "2019.12.02"]
[Round "5.34"]
[White "Akots, Gabor"]
[Black "Ditmas, Hugh"]
[Result "1-0"]
[WhiteElo "2221"]
[BlackElo "1961"]
[Annotator "TA"]
[PlyCount "110"]
[EventDate "2019.11.29"]
[EventType "swiss"]
[EventCountry "ENG"]
[SourceTitle "playchess.com"]
[Source "ChessBase"]
[SourceQuality "1"]

{[%evp 19,110,12,15,0,7,8,6,8,9,0,0,0,0,-17,33,10,0,0,68,62,64,53,65,14,33,0,18,25,108,114,116,0,139,135,147,141,382,0,0,0,0,0,0,0,0,0,0,0,0,0,0,-42,-46,-120,359,384,417,413,406,167,166,153,159,158,173,150,310,202,241,208,375,191,356,283,257,257,268,259,745,503,688,204,5089,5490,29955,29958,8061,7165,29972,29971,29971,29972,2396]} 1. e4 c5 2. c3 Nf6 3. e5 Nd5 4. d4 cxd4 5. Nf3 Nc6 6. Bc4 e6 7. cxd4 d6 8. O-O Be7 9. Qe2 O-O 10. Rd1 Bd7 11. Nc3 {B22: Sicilian: 2 c3} (11. a3 Rc8 12. Bxd5 exd5 13. Nc3 Be6 14. Bf4 Re8 15. h3 a6 16. Rac1 h6 17. b4 Bf8 18. Qd2 Rc7 {½-½ (39) Vitiugov,N (2732)-Yu,Y (2763) Khanty-Mansiysk 2019}) 11... Nxc3 12. bxc3 dxe5 13. dxe5 {The position is equal.} Qc7 14. Bd3 Rfd8 15. h4 Be8 16. Bf4 Rd7 $146 ({Predecessor:} 16... Rd5 17. Rac1 Rad8 18. Bc2 Rxd1+ {½-½ (19) Brobakken,B (2460)-Van den Bos,H (2438) ICCF email 2012}) 17. Nd2 (17. Nd4 $5) 17... Rad8 18. Nc4 Qb8 (18... Rd5 $11) 19. Qe4 g6 $1 20. h5 Qc7 21. h6 (21. Nd6 $14) 21... Rd5 $11 22. Rab1 b6 (22... Na5 $5 {[%cal Ra5c4]} 23. Nd6 Qxc3 $11) 23. Nd6 {Hoping for Bb5.} Rc5 (23... f5 $11 24. Qe2 Nxe5 25. Nxe8 Rxe8) 24. Bb5 $16 f5 25. Qa4 (25. Qe3 $16) 25... Bf7 (25... Bd7 $11 {keeps the balance.}) 26. Be3 $1 {[%cal Re3c5]} Rxc3 27. Rbc1 $1 {[%cal Rc1c3]} Na5 $2 {[#]} (27... Nxe5 $16 28. Rxc3 Qxc3) 28. Nxf7 $2 (28. Qa3 $1 $18 {[%mdl 512]} Rxc1 (28... Rxa3 29. Rxc7) 29. Qxc1 (29. Rxc1 Qb8 $16)) 28... Kxf7 $11 29. Rxc3 Qxc3 30. Rxd8 Bxd8 31. Be8+ Kf8 32. Qd7 $40 {[%csl Ge8][%cal Rd7f7][%mdl 128] White attacks.} Qa1+ 33. Kh2 {[%csl Ge8][%cal Rd7f7]} Qxe5+ 34. g3 $1 {[%csl Ge8][%cal Rd7f7]} Qc7 35. Qxe6 (35. Qd4 $5 {[%cal Rd4h8]} e5 36. Qd5 $17) 35... Qe7 36. Qxe7+ ({White should play} 36. Bd7 $15) 36... Kxe7 $4 {[%mdl 8192] [#]} (36... Bxe7 $17 {keeps the pressure on.} 37. Bb5 Bc5) 37. Bxg6 $1 $15 {[%mdl 4672] Endgame Double Attack. KBB-KBN} Kf6 (37... hxg6 38. h7) 38. Bxh7 Nc6 39. Bg8 (39. Kh3 $142) 39... Kg6 $18 40. Be6 Bf6 41. Kg2 Nd4 42. Bd7 b5 $2 (42... Be5 $16 {was necessary.} 43. Be8+ Kh7) 43. Bd2 Be7 44. f3 b4 $2 (44... Bd6 45. Be8+ Kh7) 45. Ba4 (45. g4 $142) 45... a5 $2 (45... Bf8 {was called for.} 46. Be3 Ne2 47. Be8+ (47. Bxa7 Bxh6 48. Bb3 Bg7 $18) 47... Kh7) 46. Be3 Ne6 47. Bc2 Bg5 {[#]} 48. h7 $1 {[%mdl 576] Decoy} Kxh7 $2 (48... Bf6 49. Bb6 a4 50. Bxa4 Kxh7) 49. Bxf5+ Kg7 50. Bb6 $2 ({Less strong is} 50. Bxe6 Bxe3 51. Bb3 Kh6 $18) (50. f4) 50... Kf6 $2 (50... Bd8 51. Ba7 (51. Bxe6 Bxb6 52. Bb3 Kh6 $18) 51... Nc7 52. Bd4+ Bf6) 51. Bxe6 Kxe6 52. f4 Bf6 53. Bxa5 Bc3 {[#]} 54. a3 $1 Bb2 (54... bxa3 55. Bxc3) 55. Bxb4 Kd5 {Accuracy: White = 46%, Black = 31%.} 1-0

[Event "11th LCC FIDE Open 2019"]
[Site "London"]
[Date "2019.12.02"]
[Round "5.35"]
[White "Akots, Gabor"]
[Black "Ditmas, Hugh"]
[Result "*"]
[WhiteElo "2221"]
[BlackElo "1961"]
[Annotator "ChessBase"]
[PlyCount "32"]
[EventDate "2019.11.29"]
[EventType "swiss"]
[EventCountry "ENG"]
[SourceTitle "playchess.com"]
[Source "ChessBase"]
[SourceQuality "1"]
[TimeControl "40/5400+30:1800+30"]

1. e4 {[%emt 0:00:00]} c5 {[%emt 0:00:00]} 2. c3 {[%emt 0:00:00]} Nf6 {[%emt 0:00:00]} 3. e5 {[%emt 0:00:02]} Nd5 {[%emt 0:00:00]} 4. d4 {[%emt 0:00:15]} cxd4 {[%emt 0:00:12]} 5. Nf3 {[%emt 0:00:16]} Nc6 {[%emt 0:00:25]} 6. Bc4 {[%emt 0:00:30]} e6 {[%emt 0:00:08]} 7. cxd4 {[%emt 0:01:03]} d6 {[%emt 0:00:12]} 8. O-O {[%emt 0:01:30]} Be7 {[%emt 0:00:15]} 9. Qe2 {[%emt 0:02:08]} O-O {[%emt 0:00:16]} 10. Rd1 {[%emt 0:02:02]} Bd7 {[%emt 0:02:17]} 11. Nc3 {[%emt 0:02:06]} Nxc3 {[%emt 0:02:44]} 12. bxc3 {[%emt 0:00:05]} dxe5 {[%emt 0:02:18]} 13. dxe5 {[%emt 0:00:10]} Qc7 {[%emt 0:01:02]} 14. Bd3 {[%emt 0:00:37]} Rfd8 {[%emt 0:02:07]} 15. h4 {[%emt 0:03:16]} Be8 {[%emt 0:07:43]} 16. Bf4 {[%emt 0:23:39]} Rd7 {[%emt 0:11:54]} *

[Event "11th LCC FIDE Open 2019"]
[Site "London"]
[Date "2019.12.02"]
[Round "5.35"]
[White "Yoon, Jacob D"]
[Black "Dong, Bao Nghia"]
[Result "1-0"]
[WhiteElo "2037"]
[BlackElo "2217"]
[Annotator "ChessBase"]
[PlyCount "73"]
[EventDate "2019.11.29"]
[EventType "swiss"]
[EventCountry "ENG"]
[SourceTitle "playchess.com"]
[Source "ChessBase"]
[SourceQuality "1"]
[TimeControl "40/5400+30:1800+30"]

1. e4 {[%emt 0:00:00]} e6 {[%emt 0:06:15]} 2. d4 {[%emt 0:00:00]} d5 {[%emt 0:00:06]} 3. Nd2 {[%emt 0:00:25]} Nf6 {[%emt 0:00:06]} 4. e5 {[%emt 0:00:50]} Nfd7 {[%emt 0:00:06]} 5. Bd3 {[%emt 0:00:23]} c5 {[%emt 0:00:09]} 6. c3 {[%emt 0:00:04]} Nc6 {[%emt 0:00:04]} 7. Ne2 {[%emt 0:00:08]} f6 {[%emt 0:00:04]} 8. Nf4 {[%emt 0:01:10]} Qe7 {[%emt 0:00:07]} 9. Nf3 {[%emt 0:01:37]} fxe5 {[%emt 0:01:12]} 10. dxe5 {[%emt 0:00:09]} c4 {[%emt 0:08:06]} 11. Bc2 {[%emt 0:06:16]} g6 {[%emt 0:10:42]} 12. Nxg6 {[%emt 0:03:12]} Qg7 {[%emt 0:01:37]} 13. Nxh8 {[%emt 0:02:05]} Qxh8 {[%emt 0:09:16]} 14. O-O {[%emt 0:02:34]} h6 {[%emt 0:11:01]} 15. Re1 {[%emt 0:07:57]} Bg7 {[%emt 0:02:35]} 16. Bf4 {[%emt 0:08:02]} Nf8 {[%emt 0:06:54]} 17. b3 {[%emt 0:06:51]} cxb3 {[%emt 0:00:14]} 18. axb3 {[%emt 0:03:24]} Bd7 {[%emt 0:00:07]} 19. Nd4 {[%emt 0:09:17]} Ne7 {[%emt 0:01:23]} 20. c4 {[%emt 0:07:51]} dxc4 {[%emt 0:02:57]} 21. bxc4 {[%emt 0:01:11]} a6 {[%emt 0:00:08]} 22. Qh5+ {[%emt 0:08:34]} Kd8 {[%emt 0:00:05]} 23. Be4 {[%emt 0:01:01]} Rb8 {[%emt 0:02:28]} 24. Bg3 {[%emt 0:05:56]} Kc7 {[%emt 0:06:39]} 25. Bc2 {[%emt 0:05:01]} Rd8 {[%emt 0:00:43]} 26. Qf7 {[%emt 0:02:30]} Re8 {[%emt 0:00:26]} 27. Rab1 {[%emt 0:01:44]} Qg8 {[%emt 0:00:08]} 28. Qf3 {[%emt 0:00:13]} Nc6 {[%emt 0:01:24]} 29. Nb3 {[%emt 0:02:55]} Bc8 {[%emt 0:00:32]} 30. Qc3 {[%emt 0:03:06]} Nd7 {[%emt 0:00:17]} 31. Na5 {[%emt 0:00:06]} Nd8 {[%emt 0:00:47]} 32. Bg6 {[%emt 0:04:37]} Rf8 {[%emt 0:01:01]} 33. c5 {[%emt 0:01:49]} Nc6 {[%emt 0:02:46]} 34. Nxc6 {[%emt 0:00:11]} Kxc6 {[%emt 0:00:32]} 35. Be4+ {[%emt 0:02:47]} Kc7 {[%emt 0:00:06]} 36. Qa5+ {[%emt 0:00:02]} Kb8 {[%emt 0:00:24]} 37. Qxa6 {[%emt 0:00:10]} 1-0

[Event "11th LCC FIDE Open 2019"]
[Site "London"]
[Date "2019.12.02"]
[Round "5.36"]
[White "Yoon, Jacob D"]
[Black "Dong, Bao Nghia"]
[Result "*"]
[WhiteElo "2037"]
[BlackElo "2217"]
[Annotator "ChessBase"]
[PlyCount "28"]
[EventDate "2019.11.29"]
[EventType "swiss"]
[EventCountry "ENG"]
[SourceTitle "playchess.com"]
[Source "ChessBase"]
[SourceQuality "1"]
[TimeControl "40/5400+30:1800+30"]

1. e4 {[%emt 0:00:00]} e6 {[%emt 0:06:15]} 2. d4 {[%emt 0:00:00]} d5 {[%emt 0:00:06]} 3. Nd2 {[%emt 0:00:25]} Nf6 {[%emt 0:00:06]} 4. e5 {[%emt 0:00:50]} Nfd7 {[%emt 0:00:06]} 5. Bd3 {[%emt 0:00:23]} c5 {[%emt 0:00:09]} 6. c3 {[%emt 0:00:04]} Nc6 {[%emt 0:00:04]} 7. Ne2 {[%emt 0:00:08]} f6 {[%emt 0:00:04]} 8. Nf4 {[%emt 0:01:10]} Qe7 {[%emt 0:00:07]} 9. Nf3 {[%emt 0:01:37]} fxe5 {[%emt 0:01:12]} 10. dxe5 {[%emt 0:00:09]} c4 {[%emt 0:08:06]} 11. Bc2 {[%emt 0:06:16]} g6 {[%emt 0:10:42]} 12. Nxg6 {[%emt 0:03:12]} Qg7 {[%emt 0:01:37]} 13. Nxh8 {[%emt 0:02:05]} Qxh8 {[%emt 0:09:16]} 14. O-O {[%emt 0:02:34]} h6 {[%emt 0:11:01]} *